Mistrzowie Świata-nagła śmierć - Statystyki

Ogólne statystyki
  • Ten quiz został rozwiązany 85 razy
  • Średni wynik to 7 z 8
Answers on the Grid
Answers color-coded by a green-red scale on the quiz's grid according to % correct below.
Brazylia
Holandia
Argentyna
Belgia
Włochy
Portugalia
Francja
Chorwacja
Węgry
Niemcy
Szwecja
Anglia
Norwegia
Maroko
Urugwaj
Dania
Hiszpania
Szwecja
Polska
 
Statystyki odpowiedzi
Odpowiedź % Poprawnych
Brazylia
95%
Argentyna
93%
Włochy
92%
Francja
83%
Hiszpania
83%
Niemcy
82%
Urugwaj
77%
Anglia
75%
Nie znaleziono quizów pasujących do podanych kryteriów
Rozkład punktacji
Procent ludzi z każdym wynikiem
Percentyl według liczby udzielonych odpowiedzi
Twoja historia wyników
Nie rozwiązałeś tego quizu